Svensk papperstidning. : Swedish paper journal.

Bibliographic Details
Corporate Author: Svenska pappersbruksföreningen
Format: Journal
Language:Swedish
Published: [Stockholm] [publisher not identified] ;
Subjects:

MARC

Tag First Indicator Second Indicator Subfields
LEADER 00000cas a2200000 4500
001 in00000045504
005 20151007073121.0
008 800609c18989999sw zx p 0uuub0swe d
035 |a (OCoLC)06399227 
035 |9 AAE9156AM 
040 |a TXA  |c TXA  |d UtOrBLW 
049 |a TXAE 
090 |a TS1080  |b .S85 
245 0 0 |a Svensk papperstidning. :  |b Swedish paper journal. 
246 1 1 |a Swedish paper journal 
264 1 |a [Stockholm]  |b [publisher not identified] ; 
300 |a  volumes in :  |b illustrations 
310 |a Frequency varies 
336 |a text  |b txt  |2 rdacontent 
337 |a unmediated  |b n  |2 rdamedia 
338 |a volume  |b nc  |2 rdacarrier 
362 0 |a 1898- 
550 |a Official organ of Svenska pappersbruksforeningen and of other similar organizations. 
650 0 |a Paper industry  |z Sweden  |x Periodicals. 
710 2 |a Svenska pappersbruksföreningen. 
999 |a MARS 
999 f f |s 600760cf-dcd9-3ba5-aa05-d1b5da6666da  |i 7d32934f-a79b-39f5-8110-d2dcc736503b  |t 0 
952 f f |p ric  |a Texas A&M University  |b Rellis Campus  |c Joint Library Facility  |d Remote Storage  |t 0  |e TS1080 .S85  |h Library of Congress classification  |i unmediated -- volume  |k v.90:no.13-18  |l 1987  |m A14811380347 
952 f f |p ric  |a Texas A&M University  |b Rellis Campus  |c Joint Library Facility  |d Remote Storage  |t 0  |e TS1080 .S85  |h Library of Congress classification  |i unmediated -- volume  |k v.91:no.7-12  |l 1988  |m A14811834825 
952 f f |p ric  |a Texas A&M University  |b Rellis Campus  |c Joint Library Facility  |d Remote Storage  |t 0  |e TS1080 .S85  |h Library of Congress classification  |i unmediated -- volume  |k v.94:no.1-6  |l 1991  |m A14815302197 
952 f f |p ric  |a Texas A&M University  |b Rellis Campus  |c Joint Library Facility  |d Remote Storage  |t 0  |e TS1080 .S85  |h Library of Congress classification  |i unmediated -- volume  |k arg.95:no.12-18  |l 1992:Sept.-Dec.  |m A14817013867 
952 f f |p ric  |a Texas A&M University  |b Rellis Campus  |c Joint Library Facility  |d Remote Storage  |t 0  |e TS1080 .S85  |h Library of Congress classification  |i unmediated -- volume  |k v.90:no.1-6  |l 1987  |m A14811380240 
952 f f |p ric  |a Texas A&M University  |b Rellis Campus  |c Joint Library Facility  |d Remote Storage  |t 0  |e TS1080 .S85  |h Library of Congress classification  |i unmediated -- volume  |k v.91:no.13-18  |l 1988  |m A14811834875 
952 f f |p ric  |a Texas A&M University  |b Rellis Campus  |c Joint Library Facility  |d Remote Storage  |t 0  |e TS1080 .S85  |h Library of Congress classification  |i unmediated -- volume  |k v.93:no.1-6  |l 1990  |m A14815091631 
952 f f |p ric  |a Texas A&M University  |b Rellis Campus  |c Joint Library Facility  |d Remote Storage  |t 0  |e TS1080 .S85  |h Library of Congress classification  |i unmediated -- volume  |k v.93:no.7-12  |l 1990  |m A14815155930 
952 f f |p ric  |a Texas A&M University  |b Rellis Campus  |c Joint Library Facility  |d Remote Storage  |t 0  |e TS1080 .S85  |h Library of Congress classification  |i unmediated -- volume  |k v.92:no.7-12  |l 1989  |m A14812089944 
952 f f |p ric  |a Texas A&M University  |b Rellis Campus  |c Joint Library Facility  |d Remote Storage  |t 0  |e TS1080 .S85  |h Library of Congress classification  |i unmediated -- volume  |k v.94:no.13-18  |l 1991:Sept.26-Dec.6  |m A14815689329 
952 f f |p ric  |a Texas A&M University  |b Rellis Campus  |c Joint Library Facility  |d Remote Storage  |t 0  |e TS1080 .S85  |h Library of Congress classification  |i unmediated -- volume  |k arg.95:nr.1-6  |l 1992:Jan.-Apr.  |m A14816073945 
952 f f |p ric  |a Texas A&M University  |b Rellis Campus  |c Joint Library Facility  |d Remote Storage  |t 0  |e TS1080 .S85  |h Library of Congress classification  |i unmediated -- volume  |k v.92:no.1-6  |l 1989  |m A14812086459 
952 f f |p ric  |a Texas A&M University  |b Rellis Campus  |c Joint Library Facility  |d Remote Storage  |t 0  |e TS1080 .S85  |h Library of Congress classification  |i unmediated -- volume  |k arg.95:no.7-11  |l 1992:May-Aug.  |m A14817013914 
952 f f |p ric  |a Texas A&M University  |b Rellis Campus  |c Joint Library Facility  |d Remote Storage  |t 0  |e TS1080 .S85  |h Library of Congress classification  |i unmediated -- volume  |k v.94:no.7-12  |l 1991  |m A14815318978 
952 f f |p ric  |a Texas A&M University  |b Rellis Campus  |c Joint Library Facility  |d Remote Storage  |t 0  |e TS1080 .S85  |h Library of Congress classification  |i unmediated -- volume  |k v.91:no.1-6  |l 1988  |m A14811834778 
952 f f |p ric  |a Texas A&M University  |b Rellis Campus  |c Joint Library Facility  |d Remote Storage  |t 0  |e TS1080 .S85  |h Library of Congress classification  |i unmediated -- volume  |k v.92:no.13-18  |l 1989  |m A14812090602 
952 f f |p ric  |a Texas A&M University  |b Rellis Campus  |c Joint Library Facility  |d Remote Storage  |t 0  |e TS1080 .S85  |h Library of Congress classification  |i unmediated -- volume  |k arg.96:no.1-3  |l 1993  |m A14817207288 
952 f f |p ric  |a Texas A&M University  |b Rellis Campus  |c Joint Library Facility  |d Remote Storage  |t 0  |e TS1080 .S85  |h Library of Congress classification  |i unmediated -- volume  |k v.93:no.13-18  |l 1990  |m A14815155980 
952 f f |p ric  |a Texas A&M University  |b Rellis Campus  |c Joint Library Facility  |d Remote Storage  |t 0  |e TS1080 .S85  |h Library of Congress classification  |i unmediated -- volume  |k v.90:no.7-12  |l 1987  |m A14811380290 
998 f f |a TS1080 .S85  |s arg.96:nr.1-3 (1993:jan.28-mars.25)  |t 0  |l Remote Storage